Les jeux video les plus vendus de l'histoire - Statistiques

Statistiques générales
  • Ce quiz a été pris 110 fois
  • Le résultat moyen est 3 sur 20
Statistiques - réponses
Hint Réponse % Correct
300M Minecraft
83%
70,4 Mario Kart
49%
100M Tetris
45%
47,1M Pokemon
31%
43,1M Super Mario Bros
29%
82,9 Wii sport
22%
33,5M The Legend of Zelda
12%
45,3M Animal Crossing
9%
34,2M Super Smash Bros
7%
43,8M Wii Fit
6%
30,8 New Super Mario Bros
5%
75M PUBG
5%
200M Gran Theft Auto V
2%
50M The Witcher 3
2%
33,14M Wii Sport Resort
2%
37,3M Mario Kart Wii
1%
64M Red Dead Redemption II
1%
44,5M Terraria
1%
30,7 Diablo III
0%
50M Human fall flat
0%
Aucun quiz correspondant
Distribution des résultats
% des personnes avec chaque résultat
Percentile par nombre de réponses
Votre historique - résultats
Vous n’avez pas pris ce quiz